Anleitung für das Musizieren auf pommern, dulcianen and ranketten

Uloženo v:
Podrobná bibliografie
Hlavní autoři: Steinkopf, Otto (Autor), Kernbach, Volker (Autor)
Médium: Kniha
Jazyk:angličtina
němčina
Vydáno: Celle Moeck Verlag 1978
Edice:Edition Moeck, 2079
Témata:
Tagy: Přidat tag
Žádné tagy, Buďte první, kdo vytvoří štítek k tomuto záznamu!

MARC

LEADER 00000nam a2200000 a 4500
001 UCM0259
003 CL-VaPUC
005 20250226120813.0
008 020125e19780000GW |||||||||||||||||eng|d
999 |c 299238  |d 299236 
040 |c Pontificia Universidad Católica de Valparaíso 
041 0 7 |a eng  |2 CL-VaPUC 
041 0 7 |a ger  |2 CL-VaPUC 
082 0 4 |a 788.5193  |b STE  |2 21 
100 0 |a Steinkopf, Otto  |e author  |9 466963 
245 1 0 |a Anleitung für das Musizieren auf pommern, dulcianen and ranketten 
246 1 0 |a Directions for playing the shawm, dulcian and rackett 
260 |a Celle  |b Moeck Verlag  |c 1978 
300 |a 33 p 
490 0 |a Edition Moeck, 2079 
500 |a El shawm, dulcian y el rackett son antecesores del oboe 
583 |a last modification  |c 20020125 00:00:00  |k Rodrigo Vera 
650 0 |a Instrumentos de doble lengüeta  |2 CL-VaPUC  |9 466930 
650 0 |a Música para vientos de madera  |9 329358 
650 0 |a Música para oboe  |2 CL-VaPUC  |9 594756 
700 0 |a Kernbach, Volker  |e author  |9 466964 
942 |c BK  |2 ddc 
945 |d 20020125 00:00:00  |a lriquelm